• 首页
  • 本馆介绍
  • 公告通知
  • 最新文献
  • 馆藏检索
  • 电子资源
  • 读者导购
  • 参考咨询
  • 我的图书馆
  • 登录
  • 详细信息显示
  • 放入我的书架
  • 预约/预借图书
  • 作者相关作品
  • 分类相关作品
  • 丛书相关作品
  • 出版社相关作品

书目信息

  • 表格格式
  • 工作单格式
  • 卡片格式
题名:
肖像画技法
    
 
作者: 布莱克 著 ;劳恩 , 朱杰 绘
分册:  
出版信息: 北京   中国建筑工业出版社  1997
页数: 79页
开本: 28cm
丛书名: 绘画技法经典译丛
单 册:
中图分类: J211.25
科图分类:
主题词: 肖像画--技法(美术) , 肖像画 , 技法(美术)
电子资源:
ISBN: 7-112-03222-9
000 00938oam2 2200301 450
001 1257913152
005 20121019160604.60
010    @a7-112-03222-9@dCNY18.00
100    @a19971208d1997 em y0chiy0110 ea
101 1  @achi@ceng
102    @aCN@b110000
105    @aa z 000yy
200 1  @a肖像画技法@Axiao xiang hua ji fa@e分步详解的绘画指南@f(美)温顿·布莱克著@g(美)约翰·劳恩绘@g朱杰等译
210    @a北京@c中国建筑工业出版社@d1997
215    @a79页@d28cm
225 2  @a绘画技法经典译丛
300    @a美国沃森出版公司授权翻译出版
461  0 @12001 @a绘画技法经典译丛
510 1  @aPortait drawing@eA step-by-step art instruction book@zeng
606 0  @a肖像画@x技法(美术)
606 0  @a肖像画
606 0  @a技法(美术)
690    @aJ211.25@v3
701  1 @a布莱克@Abu lai ke@b温顿@4著
702  1 @a劳恩@Alao en@b约翰@4绘
702  0 @a朱杰@Azhu jie@4译
801  0 @aCN@bNLC@c20101222
905    @a10447@dJ211.25@eJY280
    
    肖像画技法:分步详解的绘画指南/(美)温顿·布莱克著/(美)约翰·劳恩绘/朱杰等译.-北京:中国建筑工业出版社,1997
    79页;28cm.-(绘画技法经典译丛)
    美国沃森出版公司授权翻译出版
    
    ISBN 7-112-03222-9:CNY18.00
    
●
相关链接 在E读中查询图书 在五车中查询图书 在当当中查询图书 在豆瓣中查询图书


正题名:肖像画技法     索取号:J211.25/JY280         预约/预借

序号 登录号 条形码 馆藏地/架位号 状态 备注
1 7833173   278331734   学院路分馆/ [索取号:J211.25/JY280] 在馆    
2 7833174   278331743   学院路分馆/ [索取号:J211.25/JY280] 在馆    
唐山师范学院图书馆 欢迎您!
大连网信软件有限公司© 版权所有